Teófilo Cid, soy leyenda: master de la noche, dandy de la miseria...

Guardat en:
Dades bibliogràfiques
Autors principals: Mussy Roa, Luis Gueneau de (autor), Aránguiz Pinto, Santiago (Autor)
Format: Llibre
Idioma:espanyol
Publicat: Santiago Cuarto Propio 2004
Edició:1a. ed
Col·lecció:Ensayo. Obras Completas, 1
Matèries:
Etiquetes: Afegir etiqueta
Sense etiquetes, Sigues el primer a etiquetar aquest registre!

MARC

LEADER 00000cam a2200000 a 4500
001 UCK0038
003 CL-VaPUC
008 040910e20040000CL |||||||||||||||||spa|d
020 |a 9562603164 
020 |a 9562603172v.1 
082 0 4 |a Ch860  |b MUS  |2 21 
100 |a Mussy Roa, Luis Gueneau de  |e autor  |9 554838 
700 0 |a Aránguiz Pinto, Santiago  |e author  |9 487968 
245 1 0 |a Teófilo Cid, soy leyenda: master de la noche, dandy de la miseria... 
250 |a 1a. ed 
300 |a v 
942 |c BK 
945 |d 20040910 00:00:00  |a cmena 
260 |a Santiago  |b Cuarto Propio  |c 2004 
600 0 |a Cid, Teófilo  |d 1913-1964  |9 487969 
650 0 |a Literatura chilena   |9 308278 
650 0 |a Poesías chilenas   |9 265280 
650 0 |a Teatro chileno  |9 266701 
650 0 |a Ensayos chilenos   |9 269132 
650 0 |a Cuentos chilenos   |9 308280 
583 |a last modification  |c 20130306 09:21:20  |k Rodrigo Vera 
490 0 |a Ensayo. Obras Completas, 1 
999 |c 310610  |d 310608 
952 |0 0  |1 0  |4 0  |6 CH_860_000000000000000_MUS_2004  |7 0  |8 A  |9 379322  |a BIBEDU  |b BIBEDU  |d 2019-11-21  |h v.1  |i 4062434  |o Ch860 MUS 2004  |p 4062434  |r 2019-11-21  |w 2019-11-21  |y BK  |k LIT 
952 |0 0  |1 0  |4 0  |6 CH_860_000000000000000_MUS_2004  |7 0  |8 A  |9 379323  |a BIBEDU  |b BIBEDU  |d 2019-11-21  |h v.1  |i 4070933  |o Ch860 MUS 2004  |p 4070933  |r 2019-11-21  |w 2019-11-21  |y BK  |k LIT 
952 |0 0  |1 0  |4 0  |6 CH_860_000000000000000_MUS_2004  |7 0  |8 A  |9 379324  |a FDOPOS  |b FDOPOS  |d 2019-11-21  |h v.1  |i 4807812  |o Ch860 MUS 2004  |p 4807812  |r 2025-01-22  |w 2019-11-21  |y BK  |k DLH